Sociálne a ekonomické podmienky života študentov vysokých škôl v SR
Skúmanie sociálnej dimenzie vyskoškolského vzdelávania v Európe. Realizácia projektu v SR. Zúčastnené štáty a analýza tematických okruhov. Výsledky prieskumu v súbore študentov dennej formy štúdia. Medzinárodný projekt Eurostudent 4 a jeho výsledky.
Na minha lista:
| Autor principal: | |
|---|---|
| Formato: | Capítulo de Livro |
| Idioma: | eslovaco |
| Assuntos: | |
| Tags: |
Sem tags, seja o primeiro a adicionar uma tag!
|
MARC
| LEADER | 00000naa a2200000 4500 | ||
|---|---|---|---|
| 001 | 0128554 | ||
| 005 | 20231114073656.0 | ||
| 041 | 0 | |a slo | |
| 044 | |a SK | ||
| 245 | 1 | 0 | |a Sociálne a ekonomické podmienky života študentov vysokých škôl v SR |c Mária Šulanová |
| 520 | |a Skúmanie sociálnej dimenzie vyskoškolského vzdelávania v Európe. Realizácia projektu v SR. Zúčastnené štáty a analýza tematických okruhov. Výsledky prieskumu v súbore študentov dennej formy štúdia. Medzinárodný projekt Eurostudent 4 a jeho výsledky. | ||
| 610 | 2 | 0 | |a Európa |
| 610 | 2 | 0 | |a Slovensko |
| 610 | 2 | 0 | |a štúdium vysokoškolské |
| 610 | 2 | 0 | |a školy vysoké |
| 610 | 2 | 0 | |a vzdelávanie vysokoškolské |
| 610 | 2 | 0 | |a štipendiá |
| 610 | 2 | 0 | |a pôžičky |
| 610 | 2 | 0 | |a študenti |
| 610 | 2 | 0 | |a vysokoškoláci |
| 610 | 2 | 0 | |a politika školská |
| 610 | 2 | 0 | |a podmienky sociálne |
| 610 | 2 | 0 | |a projekty |
| 100 | 1 | |a Šulanová, Mária | |